Lewis' General Knowledge Quiz #3 - Statistics

General Stats
  • This quiz has been taken 63 times
  • The average score is 8 of 20
Answer Stats
Hint Answer % Correct
In which bay would you find Alcatraz? San Francisco Bay
83%
Which instrument is the smallest member of the flute family? Piccolo
59%
Which singer joined Mel Gibson in the movie Mad Max: Beyond The Thunderdome? Tina Turner
50%
What is the cube root of 343? 7
48%
What is infant whale commonly called? Calf
47%
What is the national animal of Canada? Beaver
45%
Which mountain overlooks Rio De Janeiro and its harbour? Sugar Loaf
45%
What is the third major Balearic Island with Majorca and Minorca? Ibiza
43%
In which city was Martin Luther King assassinated in 1968? Memphis, TN
40%
What are the names the two families in Romeo and Juliet? Montague & Capulet
40%
Who captained Jules Verne's submarine Nautilus? Captain Nemo
38%
Which guitarist is known as Slowhand? Eric Clapton
34%
What colour is at the centre of an archery target? Gold
34%
What was the previous brand-name of the Nissan automotive corporation? Datsun
33%
Who became the President of France in 2012? François Hollande
33%
If cats are feline, what are sheep? Ovine
31%
In which 1979 film was the spaceship called Nostromo? Alien
29%
In which Charles Dickens novel was Miss Havisham jilted on her wedding day? Great Expectations
29%
In 'The Simpsons', what is the name of the comic book store? The Android's Dungeon
9%
Which NFL team won Super Bowl XL? Pittsburgh Steelers
3%
No matching quizzes found
Score Distribution
Percent of People with Each Score
Percentile by Number Answered
Your Score History
You have not taken this quiz